Statistics for Indian Foods By Picture

Click here to take the quiz!

General Stats

  • This quiz has been taken 105 times
  • The average score is 2 of 5

Answer Stats

Answer% Correct
Naan
98%
Curry
41%
Rasam
17%
Laal Maas
7%
Thukpa
7%

Score Distribution

Percentile by Number Answered

Percent of People with Each Score

Your Score History

You have not taken this quiz